All Countries by Capital - Africa - Statistics

General Stats
  • This quiz has been taken 23 times
  • The average score is 39 of 57
Answer Stats
Capitals Countries % Correct
Cairo Egypt
100%
Bissau Guinea-Bissau
100%
Antananarivo Madagascar
100%
Cape Town South Africa
100%
Algiers Algeria
93%
Addis Ababa Ethiopia
93%
Abuja Nigeria
93%
Djibouti Djibouti
86%
Kinshasa D.R. Congo
86%
Nairobi Kenya
86%
São Tomé São Tomé &Principe
86%
Dakar Senegal
86%
Tunis Tunisia
86%
Luanda Angola
79%
N'Djamena Chad
79%
Asmara Eritrea
79%
Accra Ghana
79%
Tripoli Libya
79%
Rabat Morocco
79%
Brazzaville Rep. of the Congo
79%
Victoria Seychelles
79%
Mogadishu Somalia
79%
Kampala Uganda
79%
Bangui Central AfricanRepublic
71%
Banjul Gambia
71%
Maputo Mozambique
71%
Windhoek Namibia
71%
Freetown Sierra Leone
71%
Harare Zimbabwe
71%
Gaborone Botswana
64%
Ouagadougou Burkina Faso
64%
Monrovia Liberia
64%
Bamako Mali
64%
Khartoum Sudan
64%
Dodoma Tanzania
64%
Lusaka Zambia
64%
Porto-Novo Benin
57%
Mbabane Eswatini
57%
Conakry Guinea
57%
Port Louis Mauritius
57%
Kigali Rwanda
57%
Juba South Sudan
57%
Yaoundé Cameroon
50%
Praia Cape Verde
50%
Malabo Equatorial Guinea
50%
Libreville Gabon
50%
Lilongwe Malawi
50%
Niamey Niger
50%
Gitega Burundi
43%
Moroni Comoros
43%
Yamoussoukro Ivory Coast
43%
Maseru Lesotho
43%
Nouakchott Mauritania
43%
Lomé Togo
43%
Bloemfontein South Africa
36%
Pretoria South Africa
36%
Cotonou Benin
29%
No matching quizzes found
Score Distribution
Percent of People with Each Score
Percentile by Number Answered
Your Score History
You have not taken this quiz